000 00358 a2200169 4500
001 61506
020 _a7988508134830
040 _cAnchieta - Pituba
100 _aBandeira, Pedro
240 1 0 _aO grande desafio
_lpor
245 1 0 _aO grande desafio
300 _a159
362 0 _a2010
440 1 _aÁtica
650 4 _aLiteratura juvenil
942 _cBK
999 _c61506
_d61506